Advances in Watershed Science and Assessment / (Record no. 33626)

MARC details
000 -LEADER
fixed length control field 04431cam a22005895i 4500
001 - CONTROL NUMBER
control field 21737415
003 - CONTROL NUMBER IDENTIFIER
control field OSt
005 - DATE AND TIME OF LATEST TRANSACTION
control field 20220325144632.0
006 - FIXED-LENGTH DATA ELEMENTS--ADDITIONAL MATERIAL CHARACTERISTICS
fixed length control field m |o d |
007 - PHYSICAL DESCRIPTION FIXED FIELD--GENERAL INFORMATION
fixed length control field cr |||||||||||
008 - FIXED-LENGTH DATA ELEMENTS--GENERAL INFORMATION
fixed length control field 150131s2015 gw |||| o |||| 0|eng
010 ## - LIBRARY OF CONGRESS CONTROL NUMBER
LC control number 2019755079
020 ## - INTERNATIONAL STANDARD BOOK NUMBER
International Standard Book Number 9783319142128
024 7# - OTHER STANDARD IDENTIFIER
Standard number or code 10.1007/978-3-319-14212-8
Source of number or code doi
035 ## - SYSTEM CONTROL NUMBER
System control number (DE-He213)978-3-319-14212-8
040 ## - CATALOGING SOURCE
Original cataloging agency DLC
Language of cataloging eng
Description conventions pn
-- rda
Transcribing agency HU
072 #7 - SUBJECT CATEGORY CODE
Subject category code RNP
Source bicssc
072 #7 - SUBJECT CATEGORY CODE
Subject category code RNP
Source thema
072 #7 - SUBJECT CATEGORY CODE
Subject category code SCI026000
Source bisacsh
082 04 - DEWEY DECIMAL CLASSIFICATION NUMBER
Classification number 577.14 YOU 2015
Edition number 23
245 00 - TITLE STATEMENT
Title Advances in Watershed Science and Assessment /
Statement of responsibility, etc. edited by Tamim Younos, Tammy E. Parece.
250 ## - EDITION STATEMENT
Edition statement 1st ed. 2015.
264 #1 - PRODUCTION, PUBLICATION, DISTRIBUTION, MANUFACTURE, AND COPYRIGHT NOTICE
Place of production, publication, distribution, manufacture Cham :
Name of producer, publisher, distributor, manufacturer Springer International Publishing :
-- Imprint: Springer,
Date of production, publication, distribution, manufacture, or copyright notice 2015.
300 ## - PHYSICAL DESCRIPTION
Extent 1 online resource (XX, 292 pages 98 illustrations, 77 illustrations in color.)
336 ## - CONTENT TYPE
Content type term text
Content type code txt
Source rdacontent
337 ## - MEDIA TYPE
Media type term computer
Media type code c
Source rdamedia
338 ## - CARRIER TYPE
Carrier type term online resource
Carrier type code cr
Source rdacarrier
347 ## - DIGITAL FILE CHARACTERISTICS
File type text file
Encoding format PDF
Source rda
490 1# - SERIES STATEMENT
Series statement The Handbook of Environmental Chemistry,
International Standard Serial Number 1867-979X ;
Volume/sequential designation 33
505 0# - FORMATTED CONTENTS NOTE
Formatted contents note Land Use/Land Cover Monitoring and Geospatial Technologies: An Overview -- Using Remote Sensing to Map and Monitor Water Resources in Arid and Semi-Arid Regions -- Imaging Spectrometry of Inland Water Quality in Italy Using MIVIS: An Overview -- Using Remote Sensing to Assess the Impact of Human Activities on Water Quality: Case Study of Lake Taihu, China -- Remote Sensing for Regional Lake Water Quality Assessment: Capabilities and Limitations of Current and Upcoming Satellite Systems -- Interactive Geospatial Analysis Tool for Estimating Watershed-Scale Consumptive Use: Potomac River Basin Case Study -- Advances in Water Sensor Technologies and Real-Time Water Monitoring -- Instrumenting Caves to Collect Hydrologic and Geochemical Data: Case Study from James Cave, Virginia -- Principles for the Development of Contemporary Bioassessment Indices for Freshwater Ecosystems -- Microbial Source Tracking - Advances in Research and a Guide to Application.
520 ## - SUMMARY, ETC.
Summary, etc. This volume offers concepts, methods and case studies of innovative and evolving technologies in the area of watershed assessment. Topics discussed include: (1) Development and applications of geospatial, satellite imagery and remote sensing technologies for land monitoring; (2) Development and applications of satellite imagery for monitoring inland water quality; (3) Development and applications of water sensor technologies for real-time monitoring of water quantity and quality; and (4) Advances in biological monitoring and microbial source tracking technologies. This book will be of interest to graduate students and researchers involved in watershed science and environmental studies. Equally, it will serve as a valuable guide to experts in government agencies who are concerned with water-availability and water-quality issues, and engineers and other professionals involved in the design of land- and water-monitoring systems.
588 ## - SOURCE OF DESCRIPTION NOTE
Source of description note Description based on publisher-supplied MARC data.
650 #0 - SUBJECT ADDED ENTRY--TOPICAL TERM
Topical term or geographic name entry element Analytical chemistry.
9 (RLIN) 34109
650 #0 - SUBJECT ADDED ENTRY--TOPICAL TERM
Topical term or geographic name entry element Environmental chemistry.
9 (RLIN) 2407
650 #0 - SUBJECT ADDED ENTRY--TOPICAL TERM
Topical term or geographic name entry element Hydrogeology.
9 (RLIN) 7672
650 #0 - SUBJECT ADDED ENTRY--TOPICAL TERM
Topical term or geographic name entry element Hydrology.
9 (RLIN) 22309
650 #0 - SUBJECT ADDED ENTRY--TOPICAL TERM
Topical term or geographic name entry element Remote sensing.
9 (RLIN) 5176
650 14 - SUBJECT ADDED ENTRY--TOPICAL TERM
Topical term or geographic name entry element Environmental Chemistry.
Authority record control number or standard number https://scigraph.springernature.com/ontologies/product-market-codes/U15000
9 (RLIN) 2407
650 24 - SUBJECT ADDED ENTRY--TOPICAL TERM
Topical term or geographic name entry element Analytical Chemistry.
Authority record control number or standard number https://scigraph.springernature.com/ontologies/product-market-codes/C11006
9 (RLIN) 34110
650 24 - SUBJECT ADDED ENTRY--TOPICAL TERM
Topical term or geographic name entry element Hydrogeology.
Authority record control number or standard number https://scigraph.springernature.com/ontologies/product-market-codes/G19005
9 (RLIN) 7672
650 24 - SUBJECT ADDED ENTRY--TOPICAL TERM
Topical term or geographic name entry element Hydrology/Water Resources.
Authority record control number or standard number https://scigraph.springernature.com/ontologies/product-market-codes/211000
9 (RLIN) 34111
650 24 - SUBJECT ADDED ENTRY--TOPICAL TERM
Topical term or geographic name entry element Remote Sensing/Photogrammetry.
Authority record control number or standard number https://scigraph.springernature.com/ontologies/product-market-codes/J13010
9 (RLIN) 34112
700 1# - ADDED ENTRY--PERSONAL NAME
Personal name Parece, Tammy E.
Relator term editor.
9 (RLIN) 34113
700 1# - ADDED ENTRY--PERSONAL NAME
Personal name Younos, Tamim.
Relator term editor.
9 (RLIN) 34114
776 08 - ADDITIONAL PHYSICAL FORM ENTRY
Relationship information Print version:
Title Advances in watershed science and assessment
International Standard Book Number 9783319142111
Record control number (DLC) 2015931643
776 08 - ADDITIONAL PHYSICAL FORM ENTRY
Relationship information Printed edition:
International Standard Book Number 9783319142111
776 08 - ADDITIONAL PHYSICAL FORM ENTRY
Relationship information Printed edition:
International Standard Book Number 9783319142135
776 08 - ADDITIONAL PHYSICAL FORM ENTRY
Relationship information Printed edition:
International Standard Book Number 9783319356778
830 #0 - SERIES ADDED ENTRY--UNIFORM TITLE
Uniform title The Handbook of Environmental Chemistry,
International Standard Serial Number 1867-979X ;
Volume/sequential designation 33
9 (RLIN) 34115
906 ## - LOCAL DATA ELEMENT F, LDF (RLIN)
a 0
b ibc
c origres
d u
e ncip
f 20
g y-gencatlg
942 ## - ADDED ENTRY ELEMENTS (KOHA)
Source of classification or shelving scheme Dewey Decimal Classification
Koha item type Books like text book referance book
Suppress in OPAC No
Holdings
Withdrawn status Lost status Source of classification or shelving scheme Damaged status Not for loan Collection code Home library Current library Shelving location Date acquired Total Checkouts Full call number Barcode Date last seen Copy number Price effective from Koha item type
    Dewey Decimal Classification     Non-fiction Wondo Genet Library Wondo Genet Library General Stacks 03/25/2022   577.14 YOU 2015 WGCFNRL00014963 03/25/2022 1 03/25/2022 Books like text book referance book